Statistics for Countries Population Under 1M Map Quiz

Click here to take the quiz!

General Stats

  • This quiz has been taken 21 times
  • The average score is 36 of 40

Answers on the Map

Answers color-coded by a green-red scale on the quiz's map according to % correct below.
Loading ...
 

Answer Stats

Country% Correct
Bahamas
100%
Barbados
100%
Vanuatu
100%
Seychelles
100%
Palau
100%
Vatican City
95%
Malta
95%
Tuvalu
95%
Solomon Islands
95%
San Marino
95%
Saint Vincent and the
Grenadines
95%
Saint Kitts and Nevis
95%
Nauru
95%
Monaco
95%
Marshall Islands
95%
Maldives
95%
Iceland
95%
Cape Verde
95%
Grenada
95%
Fiji
95%
Dominica
90%
São Tomé and Príncipe
90%
Comoros
90%
Kiribati
90%
Djibouti
90%
Saint Lucia
90%
Federated States of
Micronesia
90%
Antigua and Barbuda
90%
Liechtenstein
90%
Andorra
90%
Cyprus
85%
Samoa
85%
Luxembourg
85%
Brunei
85%
Tonga
85%
Belize
85%
Suriname
80%
Montenegro
75%
Guyana
75%
Bhutan
70%

Score Distribution

Percentile by Number Answered

Percent of People with Each Score

Your Score History

You have not taken this quiz